• 首页
  • 本馆介绍
  • 公告通知
  • 最新文献
  • 馆藏检索
  • 电子资源
  • 读者导购
  • 参考咨询
  • 我的图书馆
  • 登录
  • 详细信息显示
  • 放入我的书架
  • 预约/预借图书
  • 作者相关作品
  • 分类相关作品
  • 丛书相关作品
  • 出版社相关作品

书目信息

  • 表格格式
  • 工作单格式
  • 卡片格式
题名:
中国古代思想文化的历史论析
    
 
作者: 陈启云 著
分册:  
出版信息: 北京   北京大学出版社  2001
页数: 353页
开本: 22cm
丛书名: 艺术与思想史丛书
单 册:
中图分类: B2-53
科图分类:
主题词: 思想史--研究--中国--古代 , 思想史
电子资源:
ISBN: 7-301-04736-3
000 00884oam2 2200265 450
001 012007986033
005 20070517091653.40
010    @a7-301-04736-3@dCNY18.00
100    @a20070514d2001 km y0chiy0120 ea
101 0  @achi
102    @aCN@b110000
105    @ay z 000yy
106    @ar
200 1  @a中国古代思想文化的历史论析@Azhong guo gu dai si xiang wen hua de li shi lun xi@f陈启云著@Fchen qi yun zhu
210    @a北京@c北京大学出版社@d2001
215    @a353页@d22cm
225 2  @a艺术与思想史丛书
330    @a本书分十二个章节详细的叙述了中国古代思想文化的历史。包括:"思想文化史学"论析,中国历史分期的观念问题,中华古代神话的"转轴"理念和心态等内容。
461  0 @12001 @a艺术与思想史丛书
606 0  @a思想史@x研究@y中国@z古代
606 0  @a思想史
690    @aB2-53@v4
701  0 @a陈启云@Achen qi yun@4著
801  0 @aCN@bRULIN@c20070517
905    @dB2-53@e120@s8
    
    中国古代思想文化的历史论析/陈启云著.-北京:北京大学出版社,2001
    353页;22cm.-(艺术与思想史丛书)
    
    
    ISBN 7-301-04736-3:CNY18.00
    本书分十二个章节详细的叙述了中国古代思想文化的历史。包括:"思想文化史学"论析,中国历史分期的观念问题,中华古代神话的"转轴"理念和心态等内容。
●
相关链接 在E读中查询图书 在五车中查询图书 在当当中查询图书 在豆瓣中查询图书


正题名:中国古代思想文化的历史论析     索取号:B2-53/120         预约/预借

序号 登录号 条形码 馆藏地/架位号 状态 备注
1 0577485   205774857   第一样本阅览室/ [索取号:B2-53/120] 在馆    
2 0577486   205774866   教育系资料室/ [索取号:B2-53/120] 在馆    
3 0577487   205774875   第一借阅区/ [索取号:B2-53/120] 在馆    
4 0577488   205774884   教育系资料室/ [索取号:B2-53/120] 在馆    
5 0577489   205774893   教育系资料室/ [索取号:B2-53/120] 在馆    
6 0577490   205774900   第一借阅区/ [索取号:B2-53/120] 在馆    
7 0577491   205774919   第一借阅区/ [索取号:B2-53/120] 在馆    
8 0577492   205774928   第一借阅区/ [索取号:B2-53/120] 在馆    
唐山师范学院图书馆 欢迎您!
大连网信软件有限公司© 版权所有